<?xml version="1.0" encoding="UTF-8"?>
<record
    xmlns:xsi="http://www.w3.org/2001/XMLSchema-instance"
    xsi:schemaLocation="http://www.loc.gov/MARC21/slim http://www.loc.gov/standards/marcxml/schema/MARC21slim.xsd"
    xmlns="http://www.loc.gov/MARC21/slim">

  <leader>04623cam a2200361 a 4500</leader>
  <datafield tag="952" ind1=" " ind2=" ">
    <subfield code="0">0</subfield>
    <subfield code="1">0</subfield>
    <subfield code="2">ddc</subfield>
    <subfield code="4">0</subfield>
    <subfield code="7">0</subfield>
    <subfield code="8">DATA</subfield>
    <subfield code="a">MES</subfield>
    <subfield code="b">MES</subfield>
    <subfield code="c">COMP</subfield>
    <subfield code="d">2022-09-26</subfield>
    <subfield code="e">53</subfield>
    <subfield code="g">740.00</subfield>
    <subfield code="l">0</subfield>
    <subfield code="o">005.54 WIN/M</subfield>
    <subfield code="p">41592</subfield>
    <subfield code="r">2022-09-26 00:00:00</subfield>
    <subfield code="v">740.00</subfield>
    <subfield code="w">2022-09-26</subfield>
    <subfield code="y">BK</subfield>
    <subfield code="z">GL33R2</subfield>
  </datafield>
  <datafield tag="999" ind1=" " ind2=" ">
    <subfield code="c">41548</subfield>
    <subfield code="d">41548</subfield>
  </datafield>
  <controlfield tag="001">16419250</controlfield>
  <controlfield tag="003">OSt</controlfield>
  <controlfield tag="005">20221001112459.0</controlfield>
  <controlfield tag="008">100816s2011    waua          001 0 eng d</controlfield>
  <datafield tag="010" ind1=" " ind2=" ">
    <subfield code="a">  2010934987</subfield>
  </datafield>
  <datafield tag="015" ind1=" " ind2=" ">
    <subfield code="a">GBB095385</subfield>
    <subfield code="2">bnb</subfield>
  </datafield>
  <datafield tag="016" ind1="7" ind2=" ">
    <subfield code="a">015623687</subfield>
    <subfield code="2">Uk</subfield>
  </datafield>
  <datafield tag="020" ind1=" " ind2=" ">
    <subfield code="a">9780735643369 (pbk.)</subfield>
  </datafield>
  <datafield tag="035" ind1=" " ind2=" ">
    <subfield code="a">(OCoLC)ocn650216020</subfield>
  </datafield>
  <datafield tag="040" ind1=" " ind2=" ">
    <subfield code="a">BTCTA</subfield>
    <subfield code="b">eng</subfield>
    <subfield code="c">BTCTA</subfield>
    <subfield code="d">YDXCP</subfield>
    <subfield code="d">WIM</subfield>
    <subfield code="d">SINLB</subfield>
    <subfield code="d">YOU</subfield>
    <subfield code="d">CDX</subfield>
    <subfield code="d">EEK</subfield>
    <subfield code="d">UKM</subfield>
    <subfield code="d">BWX</subfield>
    <subfield code="d">COA</subfield>
    <subfield code="d">DLC</subfield>
  </datafield>
  <datafield tag="042" ind1=" " ind2=" ">
    <subfield code="a">lccopycat</subfield>
  </datafield>
  <datafield tag="050" ind1="0" ind2="0">
    <subfield code="a">HD30.215</subfield>
    <subfield code="b">.W563 2011</subfield>
  </datafield>
  <datafield tag="082" ind1="0" ind2="4">
    <subfield code="a">005.54</subfield>
    <subfield code="2">22</subfield>
    <subfield code="b">WIN/M</subfield>
  </datafield>
  <datafield tag="100" ind1=" " ind2=" ">
    <subfield code="a">Winston, Wayne L</subfield>
    <subfield code="9">3960</subfield>
  </datafield>
  <datafield tag="245" ind1="1" ind2="0">
    <subfield code="a">Microsoft Excel 2010 :</subfield>
    <subfield code="b">data analysis and business modeling /</subfield>
    <subfield code="c">Wayne L. Winston.</subfield>
  </datafield>
  <datafield tag="246" ind1="3" ind2="0">
    <subfield code="a">Excel 2010 : data analysis and business modeling</subfield>
  </datafield>
  <datafield tag="260" ind1=" " ind2=" ">
    <subfield code="a">Redmond, Wash. :</subfield>
    <subfield code="b">Microsoft Press,</subfield>
    <subfield code="c">c2011.</subfield>
  </datafield>
  <datafield tag="300" ind1=" " ind2=" ">
    <subfield code="a">xv, 700 p. :</subfield>
    <subfield code="b">ill. ;</subfield>
    <subfield code="c">23 cm.</subfield>
  </datafield>
  <datafield tag="500" ind1=" " ind2=" ">
    <subfield code="a">Includes index.</subfield>
  </datafield>
  <datafield tag="505" ind1="0" ind2=" ">
    <subfield code="a">What's new in Excel 2010 -- Range names -- Lookup functions -- The INDEX function -- The MATCH function -- Text functions -- Dates and date functions -- Evaluating investments by using net present value criteria -- Internal rate of return -- More Excel financial functions -- Circular references -- IF statements -- Time and time functions -- The paste special command -- Three-dimensional formulas -- The auditing tool -- Sensitivity analysis with data tables -- The goal seek command -- Using the scenario manager for sensitivity analysis -- The COUNTIF, COUNTIFS, COUNT, COUNTA, and COUNTBLANK Functions -- The SUMIF, AVERAGEIF, SUMIFS, and AVERAGEIFS functions -- The OFFSET function -- The INDIRECT function -- Conditional formatting -- Sorting in Excel -- Tables -- Spin buttons, scroll bars, option buttons, check boxes, combo boxes, and group list boxes -- An introduction to optimization with Excel Solver -- Using Solver to determine the optimal product mix -- Using Solver to schedule your workforce -- Using Solver to solve transportation or distribution problems -- Using Solver for capital budgeting -- Using Solver for financial planning -- Using Solver to rate sports teams -- Warehouse location and the GRG multistart and Evolutionary Solver engines -- Penalties and the Evolutionary Solver -- The traveling salesperson problem -- Importing data from a text file or document -- Importing data from the internet -- Validating data -- Summarizing data by using histograms -- Summarizing data by using descriptive statistics -- Using PivotTables and slicers to describe data -- Sparklines -- Summarizing data with database statistical functions -- Filtering data and removing duplicates -- Consolidating data -- Creating subtotals -- Estimating straight line relationships -- Modeling exponential growth -- The power curve -- Using correlations to summarize relationships -- Introduction to multiple regression -- Incorporating qualitative factors into multiple regression -- Modeling nonlinearities and interactions -- Analysis of variance: one-way ANOVA -- Randomized blocks and two-way ANOVA -- Using moving averages to understand time series -- Winters's method -- Ratio-to-moving-average forecast method -- Forecasting in the presence of special events -- An introduction to random variables -- The binomial, hypergeometric, and negative binomial random variables -- The Poisson and exponential random variable -- The normal random variable -- Weibull and beta distributions: modeling machine life and duration of a project -- Making probability statements from forecasts -- Using the lognormal random variable to model stock prices -- Introduction to Monte Carlo simulation -- Calculating an optimal bid -- Simulating stock prices and asset allocation modeling -- Fun and games: simulating gambling and sporting event probabilities -- Using resampling to analyze data -- Pricing stock options -- Determining customer value -- The economic order quantity inventory model -- Inventory modeling with uncertain demand -- Queuing theory: the mathematics of waiting in line -- Estimating a demand curve -- Pricing products by using tie-ins -- Pricing products by using subjectively determined demand -- Nonlinear pricing -- Array formulas and functions -- PowerPivot.</subfield>
  </datafield>
  <datafield tag="630" ind1="0" ind2="0">
    <subfield code="a">Microsoft Excel (Computer file)</subfield>
  </datafield>
  <datafield tag="650" ind1=" " ind2="0">
    <subfield code="a">Industrial management</subfield>
    <subfield code="x">Statistical methods</subfield>
    <subfield code="x">Computer programs.</subfield>
  </datafield>
  <datafield tag="650" ind1=" " ind2="0">
    <subfield code="a">Decision making</subfield>
    <subfield code="x">Computer programs.</subfield>
  </datafield>
  <datafield tag="906" ind1=" " ind2=" ">
    <subfield code="a">7</subfield>
    <subfield code="b">cbc</subfield>
    <subfield code="c">copycat</subfield>
    <subfield code="d">2</subfield>
    <subfield code="e">epcn</subfield>
    <subfield code="f">20</subfield>
    <subfield code="g">y-gencatlg</subfield>
  </datafield>
  <datafield tag="942" ind1=" " ind2=" ">
    <subfield code="2">ddc</subfield>
    <subfield code="c">BK</subfield>
    <subfield code="h">005.54</subfield>
    <subfield code="i">WIN/M</subfield>
    <subfield code="k">005.54</subfield>
    <subfield code="m">WIN/M</subfield>
  </datafield>
</record>
